| 000 | 00411 a2200109 4500 | ||
|---|---|---|---|
| 020 | _a1860942520 | ||
| 082 | _a624.17122 CAM | ||
| 100 | _aCamotim, Dinar | ||
| 245 |
_aProceedings of International Conference on Coupled Instabilities in Metal Structures CIMS 2000 _cEdited by Dinar Camotim, Dan Dubina, Jacques Rondal |
||
| 260 |
_aLondon : _bImperial College Press, _c2000 |
||
| 300 |
_axxx, 712p. : _bill. ; _c25 cm |
||
| 650 | _aMetal Structures | ||
| 999 |
_c1258 _d1258 |
||